Logo

Description automatically generated
विद्यार्जन
 संसाधन केंद्र, भारतीय प्रौद्योगिकी संस्थान इन्दौर
Learning Resource Center, Indian Institute of Technology Indore

ऑनलाइन सार्वजनिक अभिगम प्रसूची
Online Public Access Catalogue (OPAC)

Provincializing Europe : postcolonial thought and historical difference (Record no. 57388)

MARC details
000 -LEADER
fixed length control field 00735nam a2200241Ia 4500
005 - DATE AND TIME OF LATEST TRANSACTION
control field 20260704175958.0
008 - FIXED-LENGTH DATA ELEMENTS--GENERAL INFORMATION
fixed length control field 260704s9999||||xx |||||||||||||| ||und||
020 ## - INTERNATIONAL STANDARD BOOK NUMBER
International Standard Book Number 9780691130019
Qualifying information pbk
082 ## - DEWEY DECIMAL CLASSIFICATION NUMBER
Classification number 901
Item number CHA
100 ## - MAIN ENTRY--PERSONAL NAME
Personal name Chakrabarty, Dipesh
245 #0 - TITLE STATEMENT
Title Provincializing Europe : postcolonial thought and historical difference
250 ## - EDITION STATEMENT
Edition statement Reissue 2008
260 ## - PUBLICATION, DISTRIBUTION, ETC.
Place of publication, distribution, etc. Princeton
Name of publisher, distributor, etc. Princeton University Press
Date of publication, distribution, etc. 2000
300 ## - PHYSICAL DESCRIPTION
Extent xxvi, 301p. ; 23cm.
490 ## - SERIES STATEMENT
Series statement Princeton studies in culture/power/history
653 ## - INDEX TERM--UNCONTROLLED
Uncontrolled term Decolonization
653 ## - INDEX TERM--UNCONTROLLED
Uncontrolled term Eurocentrism
653 ## - INDEX TERM--UNCONTROLLED
Uncontrolled term Eurocentrism
653 ## - INDEX TERM--UNCONTROLLED
Uncontrolled term Europe--History--Philosophy
653 ## - INDEX TERM--UNCONTROLLED
Uncontrolled term Historiography--Europe
653 ## - INDEX TERM--UNCONTROLLED
Uncontrolled term India--Historiography
942 ## - ADDED ENTRY ELEMENTS (KOHA)
Koha item type Book
Holdings
Withdrawn status Lost status Damaged status Not for loan Home library Current library Shelving location Date acquired Source of acquisition Total Checkouts Full call number Barcode Date last seen Price effective from Koha item type
        LRC, IIT Indore LRC, IIT Indore 2nd Floor - General Stack 04/07/2026 Gratis Book Price: GBP 35.00   901 CHA G2613 04/07/2026 04/07/2026 Book
Copyright © 2017-2026 Indian Institute of Technology Indore. All Rights Reserved.
Managed & maintained by Learning Resource Center, IIT Indore